00604nam a22001937a 450000500170000001000280001702000230004503500170006803500130008503700240009808200060012210000200012824500770014826000320022527000830025730000280034049000300036850000120039820190823163852.0 a1819CHEN B-720125-145 a8188731299c495.00 aB-720125-145 aB-728660 adplbSmriti Sahitya aS aKhatri,Vikas S. aThe origins of the buffalo dance and other stories /cby Vikas S. Khatri aDelhibSmriti Sahityac2018 a511/1-E, Gali No.-2, Near Tash Factory, Vishwas Nagar, ShahdarabDelhie110032 a192p.:bill.c22cm(Hb)  aNorth American folk tales aAirport